Magnum, P.I. Quiz - for Over-the-Top Fans - Statistics

General Stats
  • This quiz has been taken 35 times
  • The average score is 13 of 50
Answer Stats
Hint Answer % Correct
Murder, She Wrote
73%
Two TV series' that did a continuation episode with Magnum, P.I. (3 words each) Simon and Simon
73%
Los Angeles
58%
Artist of the above song {hint: mile high city} John Denver
54%
London
46%
Magnum's Detroit Tigers baseball cap
46%
What Magnum once had to do for 21 hours straight (2 words) tread water
42%
Detroit
38%
Rick's role in the military/area of specialization door gunner
38%
Sharon Stone
38%
TC's role in the military/area of specialization helicopter pilot
35%
Complete the quote: Time has little to do with _________ and ______ __________ {answer is an episode title from season 8} infinity jelly doughnuts
35%
Actress who played Higgins' distant cousin in an episode, and later became Selleck's second wife Jillie Mack
35%
Tidewater, Virginia
35%
What 3 items from the show are on display at the National Museum of American History (part of the Smithsonian Institution) a Vietnam team ring
31%
Cambodia
31%
What Rick does easily and often falls in love
31%
What do all the guests wear to Magnum's 40th birthday party gorilla masks
31%
What song did Magnum once sing at a Karaoke-type establishment Misty
31%
Who Magnum worked for after Vietnam (the show picked up about a year after he left this job) Naval Intelligence Agency (NIA)
31%
Reason he gives for leaving the above job: "I woke up one day at ___ and realized I'd never been ___." 33 23
27%
Names of Higgins' half siblings who were featured in one or more episodes Elmo Ziller
27%
Father Paddy McGuiness
27%
What was the last word spoken after the credits of the final episode of the series Goodnight
27%
Other than Marta Dubois (Michelle), two well-known actresses whose characters had a serious relationship with Magnum Dana Delany
23%
North Vietnamese brothers who were determined to kill Michelle (one of them eventually did) and Magnum Ki brothers
23%
What Magnum always does on the 4th of July spends it alone
23%
Regiment Higgins served in during WWII The Prince of Wales' Own West Yorkshire Regiment
23%
Which regular "character" is shot and seriously wounded by thieves attempting to steal an Amakua (Hawaiian artifact) from the estate Apollo
19%
What was the most dastardly prank that Magnum pulled on Higgins blew up his model of the Bridge on the River Kwai
19%
Name of Magnum's half-brother Joey Petersen
19%
Song that played, in its entirety, throughout the above episode {hint: "sometimes I fly like an eagle, sometimes I'm deep in despair" Looking for Space
19%
Magnum traveled to (and we see him in) 8 different places outside Hawaii throughout the run of the show, they were Sicily, Italy
19%
In the episode Paper War, what was the most dastardly prank that Higgins pulled on Magnum beheaded his rubber chicken
15%
Don Luis Mongueo
15%
Title of the episode in which Magnum "died" Limbo
15%
San Francisco/Lake Tahoe
15%
Magnum's role in the military/area of specialization SEAL
15%
Actress and Selleck's first wife who had a guest appearance in two episodes Jacquelyn Ray
12%
How Magnum often introduces his guests at the estate to Higgins: "This is Higgins, he _____ ______ ______ around here." sorta runs things
12%
Washington, DC
12%
Magnum's birthday, according to both his driver's and private investigator's licenses 1/5/1946
8%
License plate number on the Ferrari in the opening credits 56E 478
8%
in flashbacks of Magnum's life
8%
What was the name of the short story that Magnum once wrote (3 words) {answer is the title of a "film noir" episode} Murder by Night
8%
Why he does this to remember his Dad
8%
Who is in the photo Magnum keeps on top of the chest behind his couch himself, TC and Rick
4%
Magnum's red Hawaiian shirt
4%
What 5-word question was asked of Magnum in both the first and last episodes "What did you do, re-up?"
4%
Selleck's father had a brief appearance in two episodes, where do we see him in each in home movies
0%
No matching quizzes found
Score Distribution
Percent of People with Each Score
Percentile by Number Answered
Your Score History
You have not taken this quiz